000 00923cam a2200277 4500
008 090401t1995 xxu||||| |||| 00| 0 eng d
020 _a0752000632
035 _a(Sirsi) u61095
041 _aeng
050 _a711.1
100 _aCasely-Hayford, M.
245 _aPractical planning : permission and the application.
260 _aLondon
_bFT Law & Tax
_c1995
300 _axxi,343p. ; 24cm.
350 _a45
490 _aFT Law and Tax Practitioner Series
520 _aA practical guide to the planning process offering advice on planning applications and permissions. Incorporates the latest legislation as well as specimen forms and letters.
650 _aDESIGNATIONS
650 _aDEVELOPMENT PLANS
650 _aENVIRONMENTAL IMPACT ASSESSMENTS
650 _aPLANNING APPLICATIONS
650 _aPLANNING PERMISSION
690 _aPLANNING LAW AND PRACTICE
942 _n0
948 _c04/03/1997
999 _c94294
_d94294